MARC

LEADER 00000nam0a2200000 4500
001 311923
005 20231102002432.0
035 |a (RuTPU)RU\TPU\book\337289 
090 |a 311923 
100 |a 20151214d1982 m y0rusy50 ca 
101 0 |a rus 
102 |a BY 
105 |a a j 001zy 
200 1 |a Основы расчета объемного гидропривода  |e [учебное пособие]  |f В. В. Юшкин 
210 |a Минск  |c Вышэйшая школа  |d 1982 
215 |a 93 с.  |c ил. 
320 |a Библиогр.: с. 91 
606 1 |a Гидравлические приводы объемные  |2 stltpush  |3 (RuTPU)RU\TPU\subj\6504  |9 34380 
610 1 |a объемные гидроприводы 
610 1 |a понятия 
610 1 |a принципиальные гидросхемы 
610 1 |a составление 
610 1 |a расчет 
610 1 |a учебные пособия 
675 |a 62-82(075.8)  |v 4 
700 1 |a Юшкин  |b В. В.  |g Всеволод Вячеславович 
801 1 |a RU  |b 63413507  |c 20151214 
801 2 |a RU  |b 63413507  |c 20181004  |g RCR 
942 |c BK